| 000 | 01110nam0a22003011 4500 | ||
|---|---|---|---|
| 001 | RU\INGAK2\INFOCOMM_322\NLR\5000163978 | ||
| 005 | 20250625202833.0 | ||
| 035 | _a(NLR Aleph) 011035606 | ||
| 090 |
_a11130101 _c11130101 |
||
| 100 | _a20130209d1982 |||y0rusy50 ca | ||
| 101 | 1 | _apor | |
| 102 | _aRU | ||
| 105 | _ay z|||| | ||
| 200 | 1 |
_aO comunismo como formação sócio-económica _fP. Lopata _g[Trad. de Leão Piatigórski] |
|
| 210 |
_aM. _cProgresso _d1982 |
||
| 215 |
_a191 с. _d16 см |
||
| 225 | 1 |
_aBiblioteca de conhecimentos polít. _vTít. 2 |
|
| 300 | _aНа обороте тит. л.: Коммунизм как общественно-экономическая формация / П. Лопата | ||
| 517 | 1 | _aКоммунизм как общественно-экономическая формация | |
| 606 | 0 |
_aНаучный коммунизм _2nlr_sh1 |
|
| 620 | _aМосква | ||
| 686 |
_aА7:551 _2rubbk |
||
| 700 | 1 |
_aLopata _bP. P. _gPetr Petrovič |
|
| 801 | 1 |
_aRU _bInfoComm _c20130209 |
|
| 801 | 0 |
_aRU _bNLR _gPSBO |
|
| 852 |
_aNLR _jД01 Д-1/146 |
||
| 942 | _cBOOK | ||
| 980 | _aNB | ||